| 000 | 01212nam a2200313 i 4500 | ||
|---|---|---|---|
| 003 | EG-GICUC | ||
| 005 | 20260310134852.0 | ||
| 008 | 260123s1965 ua |||fr|||| 00| 0 ara d | ||
| 040 |
_a EG-GICUC _bara _c EG-GICUC _d EG-GICUC _erda |
||
| 041 | 0 | _aAra | |
| 082 | 0 | 4 |
_221 _a343.91 _bأ ح . م |
| 092 | 0 | 4 | _221 |
| 099 | _aLaw1 10 343.91 أ ح . م 1965 | ||
| 100 | 0 |
_aأحمد موافى _eمؤلف. |
|
| 245 | 1 | 0 |
_aمن الفقه الجنائى المقارن بين الشريعة والقانون. _nالكتاب الثانى / _cتأليف أحمد موافى، إشراف محمد توفيق عويضة. |
| 264 | 1 |
_aالقاهرة : _bالمجلس الأعلى للشئون الإسلامية، _c1965. |
|
| 300 |
_a288 صفحة؛ _c24 سم. |
||
| 336 |
_2rda content _atext |
||
| 337 |
_2rda media _aComputer |
||
| 338 |
_2rda carrier _aOnline Resource |
||
| 490 | _aلجنة الخبراء | ||
| 546 | _aالنص باللغة العربية | ||
| 650 | 1 |
_aالنظام الجنائى الإسلامى _2qrmak |
|
| 650 | 1 |
_aالقانون الجنائى _2qrmak |
|
| 651 | 1 | _2qrmak | |
| 856 | 4 | 0 | _uhttps://fll.law.cu.edu.eg/fulltext/bks/B10-08161.pdf |
| 905 | _a54 | ||
| 942 |
_2ddc _cBK _e21 _n0 |
||
| 999 |
_c58779 _d58779 |
||